|
|
|
|
| LEADER |
00000nam0a2200000 4500 |
| 001 |
286956 |
| 005 |
20231101235937.0 |
| 020 |
|
|
|a RU
|b 84-36715
|
| 035 |
|
|
|a (RuTPU)RU\TPU\book\311320
|
| 090 |
|
|
|a 286956
|
| 100 |
|
|
|a 20150311d1984 k y0rusy5003 ca
|
| 101 |
0 |
|
|a rus
|
| 102 |
|
|
|a RU
|
| 105 |
|
|
|a a z 001zy
|
| 200 |
1 |
|
|a Экономические критерии выбора радиоэлектронных комплексов самолетов
|f С. В. Моисеев
|
| 210 |
|
|
|a Москва
|c Машиностроение
|d 1984
|
| 215 |
|
|
|a 222 с.
|c ил.
|
| 606 |
1 |
|
|a Летательные аппараты
|x Радиоэлектронное оборудование
|x Эксплуатация
|2 stltpush
|3 (RuTPU)RU\TPU\subj\40133
|9 60004
|
| 610 |
1 |
|
|a радиоэлектронные системы
|
| 610 |
1 |
|
|a создание
|
| 610 |
1 |
|
|a характеристики
|
| 610 |
1 |
|
|a исследование-производство
|
| 610 |
1 |
|
|a эффективность
|
| 610 |
1 |
|
|a затраты
|
| 610 |
1 |
|
|a методы
|
| 610 |
1 |
|
|a эксплуатация
|
| 610 |
1 |
|
|a оптимальные решения
|
| 610 |
1 |
|
|a принятие
|
| 610 |
1 |
|
|a оценка
|
| 675 |
|
|
|a 629.73.05:621.3
|v 3
|
| 700 |
|
1 |
|a Моисеев
|b С. В.
|g Сергей Васильевич
|
| 801 |
|
0 |
|a RU
|b RuMRKP
|c 19950704
|g psbo
|
| 801 |
|
1 |
|a RU
|b 63413507
|c 20150311
|
| 801 |
|
2 |
|a RU
|b 63413507
|c 20171114
|g RCR
|
| 942 |
|
|
|c BK
|